000 02779cam a2200613 4500
001 22367
003 VRT
005 20260326154532.0
006 r c r tn
008 221201s2022 xo af c 000 j slo
015 _aSNBA2024/01
020 _a9788056630532
_q(viazané)
039 9 _a202407021130
_bAUTHORITY
_c202406101338
_dAUTHORITY
_c202401171044
_dmsnk176
_c202310241108
_dmsnk04
040 _aSVKBB
_bslo
_cSVKBB
_dSNK
_erda
041 1 _aslo
_hger
044 _axo
_cSK
072 7 _a821.112.2-3
_xNemecká próza, nemecky písaná
_2konspekt
072 7 _a821-93
_xLiteratúra pre deti a mládež (beletria)
_2konspekt
080 _a821.112.2(436)-32
_22011
080 _a(0:82-321.3)
_22011
080 _a82-93-053.4/.5
_22011
100 1 _aBrezina, Thomas,
_d1963-
_4aut
240 1 0 _aWas geschah im Schloss des Schreckens?
_lSlovensky
245 1 0 _aPrekliaty zámok
_cThomas Brezina ; ilustrovala Nora Nowatzyková ; z nemeckého originálu Was geschah im Schloss des Schreckens? ... preložila Elena Stuppacherová
250 _aDruhé slovenské vydanie
264 1 _aBratislava
_bFragment
_c2022
300 _a113 strán, 8 strán ilustrovaných príloh
_bčiernobiele ilustrácie, čiernobiele ilustrované listy
_c19 cm
_e1 plastová lupa
336 _atext
_btxt
_2rdacontent
336 _atrojrozmerná forma
_btdf
_2rdacontent
337 _abez média
_bn
_2rdamedia
338 _azväzok
_bnc
_2rdacarrier
338 _aobjekt
_bnr
_2rdacarrier
490 1 _aKlub záhad. Napínavé príbehy so superlupou
500 _aVydalo vydavateľstvo Fragment v spoločnosti Albatros Media Slovakia, s. r. o.
521 8 _aPre čitateľov od 11 rokov
655 7 _arakúske príbehy
_2SNKPH
655 7 _adobrodružné príbehy
_2SNKPH
655 7 _aliteratúra pre deti
_2SNKPH
655 7 _aAustrian stories
_2SNKPHeng
655 7 _aAdventure stories
_2SNKPHeng
655 7 _aChildren's literature
_2SNKPHeng
700 1 _aNowatzyk, Nora
_4ill
700 1 _aStuppacherová, Elena,
_d1946-
_4trl
710 2 _aAlbatros Media Slovakia.
_bFragment
_4pbl
830 0 _aKlub záhad
_pNapínavé príbehy so superlupou
942 _2ddc
_cKLDE
_n0
949 _617A1515713
_asnkSD 91961
_bsnk2023/15453
_o2130/2022
949 _617A1515715
_asnkSD 91961 D1
_bsnk2023/15454
_o2130/2023
949 _617A1515714
_asnkSD 91961/príl.
_bsnk2023/15453
_o2130/2023
_p1 plastová lupa
_q1 plastová lupa
_r1 plastová lupa
949 _617A1515716
_asnkSD 91961/príl. D1
_bsnk2023/15454
_o2130/2023
_p1 plastová lupa
_q1 plastová lupa
_r1 plastová lupa
949 _6270001000652746
_91 plastová lupa
_asvkbbA 165531
_bsvkbbm 802610
949 _6273K0679175
_asvkpoA 252248
_bsvkpo668753
_qPríl.: 1 lupa
_rPríl.: 1 lupa
999 _c22367
_d22367